000 00532nam a2200181Ia 4500
008 151202s9999||||xx |||||||||||||| ||und||
082 _bPNVM-30247
100 _aगायकवाड बाबुराव.
245 _aआग.
260 _b"प्रतिमा प्रकाशन,पुणे."
260 _c2000
300 _a160
600 _aगायकवाड बाबुराव.
630 _aआग.
700 _aगायकवाड बाबुराव.
730 _aआग.
942 _cBOOK
999 _c1296210
_d1296207